000 00593nam a22001937a 4500
003 CEME
005 20210628202805.0
008 210120b xxu||||| |||| 00| 0 eng d
020 _a0-87389-678-5
040 _cceme
082 _a658.4013 CER
100 _aWestcott, Russell.T
_961639
245 _aThe certified manager of quality organizational excellence handbook
250 _a3RD
260 _aPAKISTAN
_bASQC QUALITY PRESS , IBRAHIM PUBLISHERS
_c2006
300 _aXXIII,648P
650 _aORGANIZATIONAL EXCELLENCE HANDBOOK.QUALITY EXCELLENCE HANDBOOK
_961640
942 _cBK
_2ddc
999 _c571027
_d571027